Statistiques concernant Culture Générale - Série 2348

Cliquez ici pour prendre le quiz!

Statistiques générales

  • Ce quiz a été pris 62 fois
  • Le résultat moyen est 3 sur 10

Statistiques - réponses

QuestionRéponse% Correct
Comment se nomme la cathédrale de Barcelone dont les plans ont été établis par Gaudi ?Sagrada Familia
83%
En quelle année est mort le Général Charles de Gaulle ?1970
70%
Instrument ancien à roue actionné par une pédale ou une manivelle, et servant au filage de la laine, du chanvre ou du lin ainsi que de toute autre fibre - voir photorouet
58%
Lettre grecque équivalente au "u".upsilon
42%
Quel fruit est fêté à Céret (Pyrénées-Orientales) fin mai début juin depuis plus de 20 ans ?cerise
32%
Nom donné à plusieurs vents soufflant en Méditerranée occidentale (Catalogne, Languedoc)tramontane
28%
Quel grand fleuve espagnol (928 km) traverse la Catalogne ?Ebre
22%
A cheval sur la France et l'Espagne, on trouve le village et le col du ....Perthus
7%
La côte rocheuse très découpée qui s'étend entre Argelès-sur-Mer et la frontière espagnole est appelée "la côte ....vermeille
5%
Quel chanteur a composé "Bébé requin" pour France Gall en 1967 et "Big Bisou" pour Carlos en 1977 ? prénom et nomJoe Dassin
2%

Distribution des résultats

Percentile par nombre de réponses

% des personnes avec chaque résultat

Votre développement - résultats

Vous n’avez pas pris ce quiz